10 Simple Chemical Hydrocarbon Names from Formulae - Statistics

General Stats
  • This quiz has been taken 93 times
  • The average score is 9 of 10
Answer Stats
Hint Answer % Correct
CH4 Methane
100%
C8H18 Octane
91%
C2H6 Ethane
90%
C4H10 Butane
88%
C6H14 Hexane
86%
C3H8 Propane
86%
C10H22 Decane
85%
C5H12 Pentane
85%
C7H16 Heptane
84%
C9H20 Nonane
84%
No matching quizzes found
Score Distribution
Percent of People with Each Score
Percentile by Number Answered
Your Score History
You have not taken this quiz